<?xml version="1.0" encoding="UTF-8"?>
<record
    xmlns:xsi="http://www.w3.org/2001/XMLSchema-instance"
    xsi:schemaLocation="http://www.loc.gov/MARC21/slim http://www.loc.gov/standards/marcxml/schema/MARC21slim.xsd"
    xmlns="http://www.loc.gov/MARC21/slim">

  <leader>01892nam a2200361 i 4500</leader>
  <controlfield tag="001">5224518</controlfield>
  <controlfield tag="003">CZ PrSKC</controlfield>
  <controlfield tag="005">20260402112720.0</controlfield>
  <controlfield tag="007">ta</controlfield>
  <controlfield tag="008">260326s2026    xr     g      000 f cze  </controlfield>
  <datafield tag="020" ind1=" " ind2=" ">
    <subfield code="a">9788027744848</subfield>
    <subfield code="c">K&#x10D; 499,00</subfield>
  </datafield>
  <datafield tag="040" ind1=" " ind2=" ">
    <subfield code="a">ABG001</subfield>
    <subfield code="b">cze</subfield>
    <subfield code="e">rda</subfield>
  </datafield>
  <datafield tag="041" ind1="1" ind2=" ">
    <subfield code="a">cze</subfield>
    <subfield code="h">eng</subfield>
  </datafield>
  <datafield tag="072" ind1=" " ind2="7">
    <subfield code="a">821.111(73)-3</subfield>
    <subfield code="x">Americk&#xE1; pr&#xF3;za</subfield>
    <subfield code="2">Konspekt</subfield>
  </datafield>
  <datafield tag="080" ind1=" " ind2=" ">
    <subfield code="a">821.111(73)-31</subfield>
    <subfield code="2">MRF</subfield>
  </datafield>
  <datafield tag="080" ind1=" " ind2=" ">
    <subfield code="a">(0:82-312.4)</subfield>
    <subfield code="2">MRF</subfield>
  </datafield>
  <datafield tag="100" ind1="1" ind2=" ">
    <subfield code="a">Barker, J. D.</subfield>
    <subfield code="q">(Jonathan Dylan),</subfield>
    <subfield code="d">1971-</subfield>
    <subfield code="4">aut</subfield>
    <subfield code="9">7489</subfield>
  </datafield>
  <datafield tag="240" ind1="1" ind2="0">
    <subfield code="a">Forsaken.</subfield>
    <subfield code="l">&#x10C;esky</subfield>
  </datafield>
  <datafield tag="245" ind1="1" ind2="0">
    <subfield code="a">Proklet&#xFD; den&#xED;k /</subfield>
    <subfield code="c">J.D. Barker ; p&#x159;elo&#x17E;il Ond&#x159;ej Duha</subfield>
  </datafield>
  <datafield tag="264" ind1=" " ind2="1">
    <subfield code="a">Praha :</subfield>
    <subfield code="b">Dobrovsk&#xFD; s.r.o.,</subfield>
    <subfield code="c">2026</subfield>
  </datafield>
  <datafield tag="300" ind1=" " ind2=" ">
    <subfield code="a">358 stran ;</subfield>
    <subfield code="c">21 cm</subfield>
  </datafield>
  <datafield tag="490" ind1="1" ind2=" ">
    <subfield code="a">Fobos</subfield>
  </datafield>
  <datafield tag="500" ind1=" " ind2=" ">
    <subfield code="a">P&#x159;elo&#x17E;eno z angli&#x10D;tiny</subfield>
  </datafield>
  <datafield tag="520" ind1="2" ind2=" ">
    <subfield code="a">&#x10C;arod&#x11B;jnick&#xE9; procesy v Salemu jsou vd&#x11B;&#x10D;n&#xE9; t&#xE9;ma a nech&#xE1; se jimi inspirovat i spisovatel Thad McAlister. Jako by mu jeho rom&#xE1;n n&#x11B;kdo na&#x161;ept&#xE1;val. Pak se ale za&#x10D;nou d&#xED;t nevysv&#x11B;tliteln&#xE9; zlovoln&#xE9; ud&#xE1;losti kolem jeho rodiny a v&#x161;ichni se ocitaj&#xED; v ohro&#x17E;en&#xED;.</subfield>
    <subfield code="b">Kdy&#x17E; se autor horor&#x16F; Thad McAlister pustil do psan&#xED; sv&#xE9; nejnov&#x11B;j&#x161;&#xED; knihy vych&#xE1;zej&#xED;c&#xED; z &#x10D;arod&#x11B;jnick&#xFD;ch proces&#x16F; v Massachusetts, plynula slova sama od sebe. P&#x159;&#xED;b&#x11B;h se valil vp&#x159;ed a zapl&#x148;oval str&#xE1;nku za str&#xE1;nkou skutky t&#xE9; nejd&#x11B;siv&#x11B;j&#x161;&#xED; postavy, kterou jeho p&#x159;edstavivost kdy stvo&#x159;ila. Bylo to jeho nejv&#x11B;t&#x161;&#xED; d&#xED;lo, takov&#xE9;, kter&#xE9; by mu zajistilo m&#xED;sto mezi legendami &#x17E;&#xE1;nru. &#x160;lo v&#x161;ak skute&#x10D;n&#x11B; o fikci? Ne&#xFA;mysln&#x11B; otev&#x159;el dve&#x159;e do sv&#x11B;ta, jen&#x17E; m&#x11B;l brzy ohrozit &#x17E;ivoty jeho bl&#xED;zk&#xFD;ch. Ona se chce vr&#xE1;tit... Nakladatelsk&#xE1; anotace. Kr&#xE1;ceno.</subfield>
  </datafield>
  <datafield tag="655" ind1=" " ind2="7">
    <subfield code="a">americk&#xE9; rom&#xE1;ny</subfield>
  </datafield>
  <datafield tag="655" ind1=" " ind2="7">
    <subfield code="a">horory (rom&#xE1;ny)</subfield>
    <subfield code="9">1486</subfield>
  </datafield>
  <datafield tag="655" ind1=" " ind2="9">
    <subfield code="a">American fiction</subfield>
  </datafield>
  <datafield tag="655" ind1=" " ind2="9">
    <subfield code="a">horror novels</subfield>
    <subfield code="9">1487</subfield>
  </datafield>
  <datafield tag="700" ind1="1" ind2=" ">
    <subfield code="a">Duha, Ond&#x159;ej</subfield>
    <subfield code="4">trl</subfield>
    <subfield code="9">2607</subfield>
  </datafield>
  <datafield tag="710" ind1="2" ind2=" ">
    <subfield code="a">Dobrovsk&#xFD; (firma)</subfield>
    <subfield code="4">pbl</subfield>
    <subfield code="9">20424</subfield>
  </datafield>
  <datafield tag="910" ind1=" " ind2=" ">
    <subfield code="a">ABG508</subfield>
  </datafield>
  <datafield tag="952" ind1=" " ind2=" ">
    <subfield code="1">0</subfield>
    <subfield code="2">udc</subfield>
    <subfield code="4">0</subfield>
    <subfield code="0"></subfield>
  </datafield>
  <datafield tag="999" ind1=" " ind2=" ">
    <subfield code="c">34134</subfield>
    <subfield code="d">34134</subfield>
  </datafield>
</record>
